Propuesta para mejoras de los sistemas de puesta a tierra y protección contra rayos del centro de datos del Centro de Informática de la Universidad de Costa Rica
محفوظ في:
| المؤلف الرئيسي: | |
|---|---|
| مؤلفون آخرون: | |
| التنسيق: | كتاب |
| اللغة: | Spanish |
| منشور في: |
[San José , Costa Rica]
2015
|
| الموضوعات: | |
| الوسوم: |
إضافة وسم
لا توجد وسوم, كن أول من يضع وسما على هذه التسجيلة!
|
MARC
| LEADER | 00000nam a22000007a 4500 | ||
|---|---|---|---|
| 003 | 012778 | ||
| 005 | 20230921114622.0 | ||
| 008 | 171107b2017 cr a|||| |||m 00| ||spa d | ||
| 040 | |c cru CEDI | ||
| 090 | |a TFG 7929 | ||
| 100 | |9 1606 |a González Arias, Diego Alberto, 1987- | ||
| 245 | |a Propuesta para mejoras de los sistemas de puesta a tierra y protección contra rayos del centro de datos del Centro de Informática de la Universidad de Costa Rica | ||
| 260 | |a [San José , Costa Rica] |c 2015 | ||
| 300 | |a 141 hojas : ilustraciones a color | ||
| 500 | |a Practica dirigida (licenciatura en ingeniería eléctrica)--Universidad de Costa Rica. Facultad de Ingeniería. Escuela de Ingeniería Eléctrica | ||
| 501 | |a Director de Práctica de Graduación: Ing. Luis Fernando Andrés Jácome | ||
| 610 | 0 | |9 1607 |a UNIVERSIDAD DE COSTA RICA. CENTRO DE INFORMATICA | |
| 650 | |x CONEXION A TIERRA (ELECTRICIDAD) - COSTA RICA |x DESCARGAS ELECTRICAS - MEDIDAS DE SEGURIDAD - COSTA RICA |x RAYOS ATMOSFERICOS - MEDIDAS DE SEGURIDAD - COSTA RICA |x CONEXION A TIERRA (ELECTRICIDAD) |x INGENIERÍA ELÉCTRICA - MEDIDAS DE SEGURIDAD |9 10232 | ||
| 700 | |9 843 |a Andrés Jácome, Luis Fernando, 1964- |d Director del TFG | ||
| 942 | |c CEDI | ||
| 999 | |c 19166 |d 19166 | ||
